| 000 -LEADER |
| fixed length control field |
01093cam a2200337 i 4500 |
| 001 - CONTROL NUMBER |
| control field |
020702316 |
| 003 - CONTROL NUMBER IDENTIFIER |
| control field |
UkOxU |
| 005 - DATE AND TIME OF LATEST TRANSACTION |
| control field |
20230222170047.0 |
| 008 - FIXED-LENGTH DATA ELEMENTS--GENERAL INFORMATION |
| fixed length control field |
161109s2016 enka j 000 f eng d |
| 020 ## - INTERNATIONAL STANDARD BOOK NUMBER |
| International Standard Book Number |
9780603572647 |
| Qualifying information |
Winnie-the-Pooh |
| 035 ## - SYSTEM CONTROL NUMBER |
| System control number |
(StEdNL)8395800 |
| 035 ## - SYSTEM CONTROL NUMBER |
| System control number |
(UkLoRLUK)708395800 |
| 038 ## - RECORD CONTENT LICENSOR |
| Record content licensor |
UkLoRLUK |
| 040 ## - CATALOGING SOURCE |
| Original cataloging agency |
StEdNL |
| Language of cataloging |
eng |
| Description conventions |
rda |
| Transcribing agency |
StEdNL |
| Modifying agency |
UkOxU |
| -- |
KH8 |
| 049 ## - LOCAL HOLDINGS (OCLC) |
| Local processing data |
c |
| 082 ## - DEWEY DECIMAL CLASSIFICATION NUMBER |
| Classification number |
823.912 MIL |
| 100 1# - MAIN ENTRY--PERSONAL NAME |
| Personal name |
Milne, A. A. |
| Fuller form of name |
(Alan Alexander), |
| Dates associated with a name |
1882-1956, |
| Relator term |
author. |
| 240 10 - UNIFORM TITLE |
| Uniform title |
Works |
| 245 10 - TITLE STATEMENT |
| Title |
Winnie-the-Pooh : |
| Statement of responsibility, etc. |
four classic stories by A.A. Milne ; illustrated by E.H. Shepard. |
| 264 #1 - PRODUCTION, PUBLICATION, DISTRIBUTION, MANUFACTURE, AND COPYRIGHT NOTICE |
| Place of production, publication, distribution, manufacture |
London : |
| Name of producer, publisher, distributor, manufacturer |
Dean, |
| Date of production, publication, distribution, manufacture, or copyright notice |
2016. |
| 300 ## - PHYSICAL DESCRIPTION |
| Extent |
4 volumes : |
| Other physical details |
illustrations ; |
| Dimensions |
20 cm |
| 336 ## - CONTENT TYPE |
| Content type term |
text |
| Source |
rdacontent |
| 336 ## - CONTENT TYPE |
| Content type term |
still image |
| Source |
rdacontent |
| 337 ## - MEDIA TYPE |
| Media type term |
unmediated |
| Source |
rdamedia |
| 338 ## - CARRIER TYPE |
| Carrier type term |
volume |
| Source |
rdacarrier |
| 500 ## - GENERAL NOTE |
| General note |
In slip case. |
| 500 ## - GENERAL NOTE |
| General note |
Title from slip case. |
| 700 1# - ADDED ENTRY--PERSONAL NAME |
| Personal name |
Shepard, Ernest H. |
| Fuller form of name |
(Ernest Howard), |
| Dates associated with a name |
1879-1976, |
| Relator term |
illustrator. |
| 700 1# - ADDED ENTRY--PERSONAL NAME |
| Personal name |
Milne, A. A. |
| Fuller form of name |
(Alan Alexander), |
| Dates associated with a name |
1882-1956. |
| Title of a work |
Winnie-the-Pooh. |
| 942 ## - ADDED ENTRY ELEMENTS (KOHA) |
| Source of classification or shelving scheme |
|
| Koha item type |
Books - Non Ficton |